000 00682nam a22002177a 4500
999 _c18068
_d18068
003 AR-CdUCM
008 190410b ||||| |||| 00| 0 spa d
040 _aMUNICIPALIDAD PROVINCIAL DEL CUSCO
_cBIBLIOTECA MUNICIPAL DEL CUSCO
082 _a828.77 /
_bT98
100 _aTwain, Mark
_9733
245 _aAventuras de Tom Sawyer /
260 _aMadrid :
_bInstituto de artes gráficas,
_c1964.
300 _a201 páginas ;
_c21 cm.
_bIlustraciones,
440 _aColección auriga serie azul ;
_932650
505 _aContenido :Novela
650 _aLiteratura inglesa
_91015
650 _aNovela
_95
650 _aSiglo XIX.
_9971
942 _2ddc
_cLIBROS
945 _aacv
_d2019-05-11